| 000 | 00510nam a2200241Ia 4500 | ||
|---|---|---|---|
| 001 | 073013 | ||
| 003 | YMCAF | ||
| 005 | 20230512160822.0 | ||
| 008 | 100717s9999 ||||||||||||||||| ||und|d | ||
| 020 | _a- | ||
| 024 | _a73013 | ||
| 035 | _a12476 | ||
| 040 |
_aYMCAF _beng _cIN-KoLT |
||
| 041 | _aeng | ||
| 082 |
_a621.56 _bELO |
||
| 100 | _aELONKA | ||
| 245 | 0 | _aST. REFRIGERATION AIR-CONDITIONING QUESTION AND ANSWER | |
| 250 | _a- | ||
| 260 | _bTMH | ||
| 653 | _a- | ||
| 653 | _a- | ||
| 942 |
_2ddc _cBK |
||
| 999 |
_c6590 _d6590 |
||